000 00215 a2200097 4500
001 37949
100 _aStrange S
245 _aStates and markets
260 _aG B
_bPinter Publishers
_c1938
090 _c24128
_d24128
942 _aNUST-CAE
_cM
_c15701
999 _c273022
_d273022